000 00903cam a2200253 4500
008 000000n2000 000 0 eng u
020 _a0117535575
035 _a(Sirsi) u108141
050 _a711.3
110 _aUnited Kingdom
_bDepartment of the Environment, Transport and the Regions
_93507
245 _aPlanning policy guidance note 11 : regional planning.
260 _aLondon
_bStationery Office
_c2000
300 _a83p. ; 30cm.
350 _a8.50
490 _aPPG
_v11
520 _aProvides advice on the preparation, scope and content of regional planning guidance throughout England apart from London. Replaces advice on RPG contained in the February 1992 edition of PPG12.
650 _aPPG11
650 _aREGIONAL PLANNING GUIDANCE
650 _aRPG
650 _aREGIONS
650 _aREGIONAL PLANNING BODIES
690 _aPlanning and development
_96259
942 _n0
999 _c100759
_d100759